000 01905nam0a22003371 4500
001 rc\626626
005 20260407113233.0
021 _aRU
_b87-10627
035 _a(NLR Aleph) 005869164
090 _a5960378
_c5960378
100 _a20031121d1986 |||y0rusy50 ca
101 0 _arus
102 _aRU
105 _aa z||||||||
200 1 _aИССЛЕДОВАНИЕ теплофизических свойств рабочих тел и процессов криогенной техники и кондиционирования воздуха
_eмежвузовский сборник научных трудов
_fМ-во высш. и сред. спец. образования РСФСР, Ленингр. технол. ин-т холодил. пром-сти
_g[редкол.: А.В. Клецкий (отв. ред.) и др.]
210 _aЛенинград
_cЛТИХП
_d1986
215 _a137 с.
_cил.
_d21
320 _aБиблиогр. в конце статей
606 1 _aХолодильные агенты
_jСборники
_xТеплофизические свойства
_91909626
_3RU\NLR\AUTH\661159467
606 1 _aКриогенная техника
_jСборники
_xТеплообмен
_92255328
_3RU\NLR\AUTH\6601582813
606 1 _aКондиционирование воздуха
_jСборники
_xТепловые процессы
_91352254
_3RU\NLR\AUTH\66564838
686 1 _aЛ112.333я43
686 1 _aН762.3-02я43
702 1 _4340
_8rus
_7ca
_aКлецкий
_bА. В.
_gАлександр Владимирович
_3RU\NLR\AUTH\776368
_9116322
712 0 2 _4650
_aЛенинградский технологический институт холодильной промышленности
_3RU\NLR\AUTH\889942773
_9380567
801 0 _aRU
_bNLR
_gpsbo
801 1 _aRU
_bELAR
_2rusmarc
852 _aNLR
_j88-3/1748
942 _cBOOK
980 _aNB